Vida de Santa Teresa de Jesús
Gardado en:
| Autor Principal: | |
|---|---|
| Formato: | Libro |
| Idioma: | Lingua castelá |
| Publicado: |
Madrid
Cultura Hispánica
1970
|
| Subjects: | |
| Tags: |
Engadir etiqueta
Sen Etiquetas, Sexa o primeiro en etiquetar este rexistro!
|
MARC
| LEADER | 00000nam a2200000 a 4500 | ||
|---|---|---|---|
| 001 | UCP8259 | ||
| 003 | CL-VaPUC | ||
| 008 | 000114e19700000SP |||||||||||||||||spa|d | ||
| 082 | 0 | 4 | |a 922.22 |b AUC |2 21 |
| 100 | 0 | |a Auclair, Marcelle |e author |9 438093 | |
| 245 | 1 | 0 | |a Vida de Santa Teresa de Jesús |
| 300 | |a 386 p | ||
| 942 | |c BK | ||
| 945 | |d 20000114 00:00:00 |a rherrera | ||
| 260 | |a Madrid |b Cultura Hispánica |c 1970 | ||
| 600 | 0 | 7 | |a SANTA TERESA DE JESUS |2 CL-VaPUC |9 313710 |
| 650 | 0 | |a Biografías |9 255210 | |
| 650 | 7 | |a SANTOS |2 CL-VaPUC |9 313738 | |
| 650 | 0 | |a Vida y obra |9 311871 | |
| 650 | 0 | |a Arzobispado de Santiago |9 432975 | |
| 583 | |a last modification |c 20000114 00:00:00 |k Rodrigo Vera | ||
| 999 | |c 285191 |d 285189 | ||
| 952 | |0 0 |1 0 |4 0 |6 922_220000000000000_AUC_1970 |7 0 |8 A |9 329620 |a BIBHIS |b BIBHIS |d 2019-11-20 |i 1377396 |o 922.22 AUC 1970 |p 1377396 |r 2025-01-20 |w 2019-11-20 |y BK |k HIS | ||